LEADER 01928nam a2200385 i 4500 001 000000104559 003 CaOOAMICUS 005 20070403174510.0 008 070403r2006 it b u000 u ita c 020 $a8804288019 040 $aUSC$bita$dPUL$dLDA 041 1 $aita$agrc$hgrc 100 0 $aJulianus, Flavius Claudius,$cimperatore romano,$d331-363.$0(OLS)http://pul/name/7415 240 10$aOrationes.$pIn Deorum matrem.$lGreco e italiano.$f2006.$0(OLS)http://pul/title/131520 245 10$aAlla madre degli dei e altri discorsi /$cGiuliano Imperatore ; introduzione di Jacques Fontaine ; testo critico a cura di Carlo Prato ; traduzione e commento di Arnaldo Marcone. 250 $a7. ed. 260 $a[Roma] :$bFondazione Lorenzo Valla :$b[Milano] :$bA. Mondadori ,$c2006. 300 $acx, 351 p. ;$c21 cm 490 1 $aScrittori greci e latini 500 $a1. ed.: 1987. 546 $aTesto greco con trad. italiana a fronte. 700 1 $aPrato, Carlo.$0(OLS)http://pul/name/35234 700 1 $aFontaine, Jacques,$d1922-$0(OLS)http://pul/name/7143 700 1 $aMarcone, Arnaldo,$d1945-$0(OLS)http://pul/name/7329 830 0$aScrittori greci e latini.$0(OLS)http://pul/title/10625 850 $aPUL 852 $aPUL$W1$xDP1 Cons. Gen., Altre Classi 1$y22$m705 M 87$j117029$qStampati$B117019$CPULBib$Z2$F117019 $H103093 $82 900 $aGiuliano l'Apostata,$cimperatore romano,$d 332-362$97415 900 $aGiuliano,$cimperatore romano,$d332-362$97415 900 $aIulianus, Flavius Claudius,$cimperatore romano,$d331-363$97415 941 1 $a8 996 $6020$a8804288019$9(OLS)http://pul/number/61060 996 $6245$aAlla madre degli dei e altri discorsi$9(OLS)http://pul/title/65359 996 $6260$a[Roma] :$bFondazione Lorenzo Valla :$b[Milano] :$bA. Mondadori$9(OLS)http://pul/publisher/64536 996 $6260$a[S.l.] :$b[s.n.]$9(OLS)http://pul/publisher/0 LEADER 01653nam a2200313 a 4500 001 000000147949 003 CaOOAMICUS 005 20151204091124.0 008 151204s2006 vc u000 u ita r 020 $a88-209-7814-8* 032 $aLibriCat 040 $aPUL$bita 041 0 $aita$aeng$ager$afre 110 2 $aCongregazione per la dottrina della fede.$bSimposio$c(Roma :$d2003).$0(OLS)http://pul/name/94511 245 12$aL'antropologia della teologia morale secondo l'enciclica "Veritas Splendor" :$batti del Simposio promosso dalla Congregazione per la dottrina della fede Roma, settembre 2003. 260 $aCittą del Vaticano :$bLibreria editrice vaticana,$c©2006. 300 $a336 p. ;$c24 cm. 490 1 $aAtti e documenti ;$v24 546 $aTesti in italiano, inglese, francese e tedesco. 600 04$aIohannes Paulus PP.$bII,$cs.,$d1920-2005$xTeologia.$0(OLS)http://pul/subject/17718 650 4$aEncicliche$xStudi.$0(OLS)http://pul/subject/13321 830 0$aAtti e documenti (Libreria editrice vaticana) ;$v24.$0(OLS)http://pul/title/160599 850 $aPUL 852 $aPUL$W1$xDP1 Fondo Bordoni$y120$m3 A 7$j18156$qFondi$B171770$CPULBib$Z2$F171770 $HBor1108 $81 941 1 $a1 996 $6020$a88-209-7814-8*$9(OLS)http://pul/number/159183 996 $6245$aL'antropologia della teologia morale secondo l'enciclica "Veritas Splendor" :$batti del Simposio promosso dalla Congregazione per la dottrina della fede Roma, settembre 2003$9(OLS)http://pul/title/186688 996 $6260$aCittą del Vaticano :$bLibreria editrice vaticana$9(OLS)http://pul/publisher/47920